00969nam a2200265Ia 450000500170000000800390001702000220005608200170007810000250009524501170012025000370023730000500027449000160032460000420034065000480038265000510043070000260048194200120050726400460051933600270056533700330059233800280062504000350065399900150068820220317001032.0160825s2006 ck a g 000 0 spa a9,7895830054e+01204a923.6 bU73l1 aLozano, Pilard1951-10aManuel Uribe Ángelb el médico y geógrafo que amó a su paíscPilar Lozano; ilustrado por Liliana Ramos a1a edición b1a reimpresión  a76 páginas bilustraciones en colorc28 cm  aColciencias14aUribe, Angel Manueld1822-1904964723142LEMBaMédicos colombianos vBiografías 142LEMB aGeógrafos colombianos vBiografías 1 aRamos, Liliana912538 2ddccBK aBogotábColcienciasbPanamericanac2006 atextobtxt2rdacontent asin mediaciónbn2rdamedia avolumenbnc2rdacarrier aCO-BoRNBPbspaerdacCO-BoRNBP c5738d5738